Curso de introducción a la psicología

Saved in:
Bibliografiske detaljer
Hovedforfatter: Soto Becerra, Luis (Author)
Format: Bog
Sprog:spansk
Udgivet: Santiago Universitaria 1963
Udgivelse:3a. ed
Fag:
Tags: Tilføj Tag
Ingen Tags, Vær først til at tagge denne postø!

MARC

LEADER 00000nam a2200000 a 4500
001 UCY5630
003 CL-VaPUC
008 950512e19630000CL |||||||||||||||||spa|d
082 0 4 |a 150  |b SOT  |2 21 
100 0 |a Soto Becerra, Luis  |e author  |9 334619 
245 1 0 |a Curso de introducción a la psicología 
250 |a 3a. ed 
300 |a 332 p 
942 |c BK 
945 |d 19950512 00:00:00  |a mfernand 
260 |a Santiago  |b Universitaria  |c 1963 
650 0 |a Psicología   |9 257863 
650 0 |a Historia de la Psicología  |9 334620 
650 0 |a Comportamiento   |9 308406 
650 0 |a Conciencia  |9 309452 
650 7 |a INCONSCIENTE  |2 CL-VaPUC  |9 334612 
650 0 |a Metodología   |9 256610 
650 7 |a EXPERIMENTACION  |2 CL-VaPUC  |9 334621 
650 7 |a ESTIMULO  |2 CL-VaPUC  |9 334622 
650 7 |a PSICOLOGIA DE LOS PROCESOS SENSORIALES  |2 CL-VaPUC  |9 334623 
650 0 |a Percepción   |9 266750 
650 7 |a PSICOFISIOLOGIA  |2 CL-VaPUC  |9 307700 
650 7 |a HOMBRE  |2 CL-VaPUC  |9 262149 
650 0 |a Motivación   |9 315362 
650 0 |a Emociones   |9 265224 
650 7 |a SENSACION  |2 CL-VaPUC  |9 334611 
650 0 |a Memoria  |9 266549 
650 0 |a Imaginación  |9 269378 
650 0 |a Procesos mentales superiores  |9 330839 
650 0 |a Inteligencia  |9 267038 
650 0 |a Aprendizaje   |9 254827 
650 0 |a Personalidad   |9 307255 
650 0 |a Psicología del desarrollo  |9 307541 
650 0 |a Psicoanálisis   |9 265702 
650 7 |a PSICOSIS  |2 CL-VaPUC  |9 315438 
583 |a last modification  |c 19950512 00:00:00  |k Rodrigo Vera 
999 |c 233262  |d 233260 
952 |0 0  |1 0  |4 0  |6 150_000000000000000_SOT_1963  |7 0  |8 P  |9 238666  |a BIBEDU  |b BIBEDU  |c BIBEDU_PB  |d 2019-11-18  |i 1503227  |o 150 SOT 1963  |p 1503227  |r 2024-01-25  |w 2019-11-18  |y BK  |k EDU 
952 |0 0  |1 0  |4 0  |6 150_000000000000000_SOT_1963  |7 0  |8 P  |9 238667  |a BIBEDU  |b BIBEDU  |c BIBEDU_PB  |d 2019-11-18  |i 1503235  |o 150 SOT 1963  |p 1503235  |r 2024-01-25  |w 2019-11-18  |y BK  |k EDU